[Event "2. Bundesliga Ost 2012/2013"]
[Site "6.+7.10., 17.+18.11., 1.12., 2.+3.2., 9.+10.3., 6.
[Date "2013.02.03"]
[Round "7"]
[Board "6"]
[White "Savio, Alfred Jun."]
[Black "Steiner, Bruno"]
[Result "0-1"]
[WhiteElo "2035"]
[BlackElo "2209"]
[PlyCount "81"]
[EventDate "2012.10.06"]
[EventType "team"]
[EventRounds "11"]
[EventCountry "AUT"]
[WhiteTeam "ASVOE Mattersburg"]
[BlackTeam "Raiffeisen Waehring"]

1. c4 e5 2. Nc3 d6 3. Nf3 c5 4. e3 Nc6 5. d4 exd4 6. exd4 Bg4 7. d5 Nd4 8. Qa4+
Bd7 9. Qd1 Bg4 10. Qa4+ Bd7 11. Qd1 Qe7+ 12. Be3 Nf5 13. Qe2 Nxe3 14. Qxe3
Qxe3+ 15. fxe3 Nf6 16. Bd3 g6 17. O-O Bg7 18. Rae1 O-O 19. e4 Ng4 20. h3 Ne5
21. Nxe5 Bxe5 22. Rf3 a6 23. Nd1 b5 24. b3 Kg7 25. Ne3 Rab8 26. Rb1 Rb6 27. Kf1
Rfb8 28. Ke2 f6 29. Rbf1 Bd4 30. g4 h6 31. h4 Rf8 32. g5 hxg5 33. hxg5 Rbb8 34.
gxf6+ Rxf6 35. Rxf6 Bxf6 36. Rg1 Be5 37. Nf5+ Kf6 38. Nh4 Rh8 39. Nf3 Rh3 40.
Rf1 Bg4 41. Kf2 0-1

[Event "2. Bundesliga Ost 2012/2013"]
[Site "6.+7.10., 17.+18.11., 1.12., 2.+3.2., 9.+10.3., 6.
[Date "2013.02.03"]
[Round "7"]
[Board "1"]
[White "Kummer, Helmut"]
[Black "Videki, Sandor"]
[Result "1/2-1/2"]
[WhiteElo "2353"]
[BlackElo "2429"]
[PlyCount "126"]
[EventDate "2012.10.06"]
[EventType "team"]
[EventRounds "11"]
[EventCountry "AUT"]
[WhiteTeam "Purbach"]
[BlackTeam "Spg Data Technology Eichgraben/P."]

1. d4 d6 2. c4 e5 3. Nf3 e4 4. Ng5 f5 5. Nc3 Be7 6. Nh3 c6 7. Nf4 Nf6 8. e3 Na6
9. Bd2 Nc7 10. Be2 O-O 11. h4 Ne6 12. g3 Nxf4 13. exf4 Be6 14. Kf1 b6 15. b4
Qe8 16. Qc1 Bf7 17. Qe1 Bh5 18. Nd1 Bxe2+ 19. Qxe2 Ng4 20. Ne3 Nxe3+ 21. fxe3
Bf6 22. Rc1 c5 23. bxc5 bxc5 24. dxc5 dxc5 25. Bc3 Rd8 26. Kf2 Rd3 27. Bxf6
Rxf6 28. Rhd1 Rfd6 29. Rxd3 exd3 30. Qf3 h6 31. g4 Qa4 32. gxf5 Qxa2+ 33. Kg3
d2 34. Qa8+ Kh7 35. Qe4 Rf6 36. Rd1 a5 37. Qd3 a4 38. Rxd2 Qa1 39. Rd1 Qa2 40.
h5 Qb3 41. Qxb3 axb3 42. Rb1 Rb6 43. Rb2 Rb4 44. Kf3 Kg8 45. e4 Rxc4 46. Rxb3
Rc1 47. f6 gxf6 48. Kg4 c4 49. Rb8+ Kf7 50. Kf5 c3 51. Rc8 Ke7 52. Rc4 c2 53.
Rc3 Kd7 54. Kxf6 Rf1 55. Rxc2 Rxf4+ 56. Ke5 Rh4 57. Ra2 Rxh5+ 58. Kf6 Rh1 59.
Ra7+ Ke8 60. Rh7 Rf1+ 61. Ke6 Kd8 62. Rxh6 Kc7 63. Rh2 63... Rf6+ {...} 1/2-1/2

[Event "2. Bundesliga Ost 2012/2013"]
[Site "6.+7.10., 17.+18.11., 1.12., 2.+3.2., 9.+10.3., 6.
[Date "2013.02.03"]
[Round "7"]
[Board "2"]
[White "Ganaus, Hannes"]
[Black "Heiny, Johannes"]
[Result "0-1"]
[WhiteElo "2331"]
[BlackElo "2264"]
[PlyCount "132"]
[EventDate "2012.10.06"]
[EventType "team"]
[EventRounds "11"]
[EventCountry "AUT"]
[WhiteTeam "Spg Data Technology Eichgraben/P."]
[BlackTeam "Purbach"]

1. d4 e6 2. Nf3 d5 3. e3 Nf6 4. Bd3 Be7 5. O-O O-O 6. Ne5 c5 7. b3 b6 8. Bb2
Bb7 9. Qf3 Nc6 10. Nxc6 Bxc6 11. Qh3 cxd4 12. exd4 Rc8 13. Nd2 Bd7 14. Qe3 Qc7
15. g3 Bb4 16. Nb1 Rfe8 17. a3 Bd6 18. f4 Ne4 19. Bxe4 dxe4 20. c4 f5 21. a4
Be7 22. Nc3 Bc6 23. Rad1 Red8 24. h3 Rd7 25. Rd2 Rcd8 26. Rfd1 Bb7 27. Kh2 h6
28. Ne2 Bf6 29. Bc3 Kh7 30. Rg1 a6 31. Ra2 g5 32. Raa1 Rg8 33. Rac1 Qd8 34.
Rcd1 Qe7 35. g4 Qd6 36. gxf5 exf5 37. Rdf1 gxf4 38. Qxf4 Qxf4+ 39. Rxf4 Rxg1
40. Kxg1 Bc8 41. d5 Kg6 42. Bxf6 Kxf6 43. Kf2 Ke5 44. Rh4 Rd6 45. Ke3 Rg6 46.
Kd2 Bd7 47. a5 bxa5 48. c5 Bb5 49. Nf4 Rg3 50. c6 e3+ 51. Kc3 e2+ 52. Kd2 Re3
53. Ng2 Rd3+ 54. Kxe2 Rxh3+ 55. Kf2 Rxh4 56. Nxh4 Kxd5 57. Nxf5 Bxc6 58. Nxh6
Kd4 59. Nf5+ Kc3 60. Ke3 Bd5 61. Nd4 Bxb3 62. Ne2+ Kb2 63. Kd4 a4 64. Nf4 a3
65. Nd3+ Kb1 66. Nc5 Bc2 0-1

[Event "2. Bundesliga Ost 2012/2013"]
[Site "6.+7.10., 17.+18.11., 1.12., 2.+3.2., 9.+10.3., 6.
[Date "2013.02.03"]
[Round "7"]
[Board "3"]
[White "Wolfram, Bernd"]
[Black "Pichler, Michael"]
[Result "1-0"]
[WhiteElo "2234"]
[BlackElo "2255"]
[PlyCount "55"]
[EventDate "2012.10.06"]
[EventType "team"]
[EventRounds "11"]
[EventCountry "AUT"]
[WhiteTeam "Purbach"]
[BlackTeam "Spg Data Technology Eichgraben/P."]

1. c4 e6 2. g3 Nf6 3. Bg2 d5 4. Nf3 Be7 5. O-O O-O 6. b3 a5 7. Bb2 a4 8. d3 c6
9. Nbd2 Nbd7 10. Qc2 Qa5 11. Rfe1 Rd8 12. Rad1 Bb4 13. a3 Bxd2 14. Nxd2 axb3
15. Nxb3 Qa4 16. cxd5 cxd5 17. e4 Ra6 18. exd5 exd5 19. Qc7 Rf8 20. Nd4 Qa5 21.
Qc1 Qd8 22. Nf5 Nb6 23. Nxg7 Na4 24. Bxf6 Qxf6 25. Nh5 Qd4 26. Qg5+ Rg6 27. Qf4
Qa7 28. Nf6+ 1-0

[Event "2. Bundesliga Ost 2012/2013"]
[Site "6.+7.10., 17.+18.11., 1.12., 2.+3.2., 9.+10.3., 6.
[Date "2013.02.03"]
[Round "7"]
[Board "4"]
[White "Neumeier, Klaus"]
[Black "Zimmermann, Heinz"]
[Result "1/2-1/2"]
[WhiteElo "2255"]
[BlackElo "2177"]
[PlyCount "61"]
[EventDate "2012.10.06"]
[EventType "team"]
[EventRounds "11"]
[EventCountry "AUT"]
[WhiteTeam "Spg Data Technology Eichgraben/P."]
[BlackTeam "Purbach"]

1. d4 Nf6 2. c4 g6 3. Nc3 Bg7 4. e4 d6 5. h3 O-O 6. Nf3 e5 7. d5 Na6 8. Bg5 Qe8
9. g4 Nc5 10. Nd2 a5 11. Be2 Bd7 12. Be3 Qc8 13. Rg1 c6 14. Bxc5 dxc5 15. Na4
cxd5 16. cxd5 Qc7 17. Rc1 b6 18. Qb3 Bxa4 19. Qxa4 Ne8 20. Nc4 Rb8 21. Qb5 Nd6
22. Nxd6 Qxd6 23. Rd1 h6 24. Qc6 Rfd8 25. Qxd6 Rxd6 26. Bb5 Bf6 27. Rg3 Kg7 28.
Ke2 Bh4 29. Rb3 Rf8 30. Bc6 Bd8 31. Rf3 1/2-1/2

[Event "2. Bundesliga Ost 2012/2013"]
[Site "6.+7.10., 17.+18.11., 1.12., 2.+3.2., 9.+10.3., 6.
[Date "2013.02.03"]
[Round "7"]
[Board "5"]
[White "Rainprecht, Bernhard"]
[Black "Weissenbeck, Manuel"]
[Result "1/2-1/2"]
[WhiteElo "2125"]
[BlackElo "2238"]
[PlyCount "103"]
[EventDate "2012.10.06"]
[EventType "team"]
[EventRounds "11"]
[EventCountry "AUT"]
[WhiteTeam "Purbach"]
[BlackTeam "Spg Data Technology Eichgraben/P."]

1. e4 c5 2. c4 Nc6 3. Nc3 g6 4. g3 Bg7 5. Bg2 d6 6. Nge2 e6 7. Rb1 Nge7 8. a3
b6 9. d3 Bb7 10. O-O O-O 11. Be3 Nd4 12. Qd2 Re8 13. b4 Qd7 14. Bf4 Rad8 15.
Nxd4 cxd4 16. Ne2 d5 17. cxd5 exd5 18. Rfc1 Rc8 19. e5 Nc6 20. b5 Nxe5 21. Nxd4
Rc5 22. a4 Rec8 23. Nb3 Rxc1+ 24. Rxc1 Rxc1+ 25. Nxc1 d4 26. Qe2 Bxg2 27. Bxe5
Qd5 28. f4 Bf3 29. Qe1 Bxe5 30. fxe5 g5 31. Qf2 g4 32. Ne2 Qxe5 33. Nxd4 Bd5
34. Nf5 h5 35. Kf1 Qa1+ 36. Qe1 Qxe1+ 37. Kxe1 Bb3 38. Kd2 Bxa4 39. Nd4 Kg7 40.
Kc3 Kg6 41. Kb4 Bd1 42. Nc6 f5 43. Kc3 f4 44. Kd2 Ba4 45. Nxa7 Kg5 46. Nc8 h4
47. gxh4+ Kxh4 48. Nxb6 g3 49. hxg3+ fxg3 50. Ke2 Kh3 51. Nd5 Bxb5 52. Ne3
1/2-1/2

[Event "2. Bundesliga Ost 2012/2013"]
[Site "6.+7.10., 17.+18.11., 1.12., 2.+3.2., 9.+10.3., 6.
[Date "2013.02.03"]
[Round "7"]
[Board "6"]
[White "Hechl, Gerald"]
[Black "Heiny, Michael"]
[Result "1-0"]
[WhiteElo "2220"]
[BlackElo "2090"]
[PlyCount "101"]
[EventDate "2012.10.06"]
[EventType "team"]
[EventRounds "11"]
[EventCountry "AUT"]
[WhiteTeam "Spg Data Technology Eichgraben/P."]
[BlackTeam "Purbach"]

1. e4 e6 2. Nf3 d5 3. e5 c5 4. b4 d4 5. bxc5 Bxc5 6. Ba3 Qa5 7. Bxc5 Qxc5 8. c3
Nc6 9. cxd4 Nxd4 10. Qa4+ Nc6 11. Nc3 Qb4 12. Qxb4 Nxb4 13. Bb5+ Ke7 14. O-O
Nh6 15. Rab1 Nd5 16. Nxd5+ exd5 17. Ba4 Rd8 18. Rfc1 b6 19. Rc7+ Bd7 20. Bb3
Kf8 21. Bxd5 Rac8 22. Rxc8 Bxc8 23. Be4 Bf5 24. Bxf5 Nxf5 25. Rb4 Rd5 26. Ra4
a5 27. Kf1 Ne7 28. Rc4 b5 29. Rd4 b4 30. g3 Ke8 31. Rc4 Rb5 32. Ke1 Ng6 33. d4
a4 34. Nd2 Ne7 35. Ne4 Nf5 36. g4 b3 37. axb3 axb3 38. gxf5 b2 39. Nc3 b1=Q+
40. Nxb1 Rxb1+ 41. Ke2 Rh1 42. Rc8+ Kd7 43. Rg8 g6 44. Rg7 gxf5 45. Rxf7+ Ke6
46. Rxh7 Kd5 47. Rd7+ Kc4 48. e6 Rxh2 49. e7 Rh4 50. e8=Q Re4+ 51. Qxe4 1-0

[Event "2. Bundesliga Ost 2012/2013"]
[Site "6.+7.10., 17.+18.11., 1.12., 2.+3.2., 9.+10.3., 6.
[Date "2013.02.03"]
[Round "7"]
[Board "1"]
[White "Penz, Harald"]
[Black "Stohl, Igor"]
[Result "1/2-1/2"]
[WhiteElo "2311"]
[BlackElo "2518"]
[PlyCount "74"]
[EventDate "2012.10.06"]
[EventType "team"]
[EventRounds "11"]
[EventCountry "AUT"]
[WhiteTeam "SK Hietzing"]
[BlackTeam "SK Wien-Ottakring"]

1. e4 c5 2. c3 Nf6 3. e5 Nd5 4. Bc4 Nb6 5. Bb3 c4 6. Bc2 Nc6 7. Nf3 d6 8. exd6
Qxd6 9. O-O Bg4 10. h3 Bh5 11. Qe2 Bg6 12. Bxg6 hxg6 13. b3 cxb3 14. axb3 e6
15. Na3 Be7 16. Nb5 Qd7 17. Ba3 a6 18. Bxe7 Qxe7 19. Nbd4 Nxd4 20. Nxd4 O-O 21.
Rfe1 Rac8 22. Ra5 Rfd8 23. Qe4 Rc7 24. Nf3 Nd7 25. b4 Nf6 26. Qh4 Nh7 27. Qxe7
Rxe7 28. b5 axb5 29. Rxb5 f6 30. Nd4 e5 31. f4 e4 32. Kf2 f5 33. Reb1 Rdd7 34.
R1b2 Nf6 35. g3 Nd5 36. Ke2 e3 37. R2b3 exd2+ 1/2-1/2

[Event "2. Bundesliga Ost 2012/2013"]
[Site "6.+7.10., 17.+18.11., 1.12., 2.+3.2., 9.+10.3., 6.
[Date "2013.02.03"]
[Round "7"]
[Board "2"]
[White "Menezes, Christoph"]
[Black "Prager, Manfred"]
[Result "0-1"]
[WhiteElo "2303"]
[BlackElo "2035"]
[PlyCount "110"]
[EventDate "2012.10.06"]
[EventType "team"]
[EventRounds "11"]
[EventCountry "AUT"]
[WhiteTeam "SK Wien-Ottakring"]
[BlackTeam "SK Hietzing"]

1. d4 Nf6 2. c4 e5 3. dxe5 Ng4 4. Bf4 Nc6 5. Nf3 Bb4+ 6. Nbd2 Qe7 7. e3 Ngxe5
8. Nxe5 Nxe5 9. Be2 b6 10. a3 Bxd2+ 11. Qxd2 Bb7 12. O-O a5 13. b4 axb4 14.
axb4 O-O 15. Qc3 d6 16. c5 Ng6 17. cxd6 Nxf4 18. dxe7 Nxe2+ 19. Kh1 Nxc3 20.
exf8=Q+ Kxf8 21. Rxa8+ Bxa8 22. Ra1 Bd5 23. f3 Ke7 24. e4 Be6 25. Rc1 Nb5 26.
Kg1 Kd6 27. Rd1+ Ke5 28. Kf2 g6 29. Ke3 h5 30. f4+ Kf6 31. Rc1 Ke7 32. g3 Kd6
33. Rd1+ Ke7 34. Rc1 Kd7 35. Rd1+ Kc8 36. Rc1 Kb7 37. h4 c6 38. Kd3 Kc7 39. Ke3
Bc8 40. Rc2 Be6 41. Rc1 Na3 42. Rc3 Nc4+ 43. Kd4 b5 44. Rc1 Kb6 45. Rc2 Kc7 46.
Rc1 Kd6 47. Rc2 Nb6 48. Rc3 Na4 49. Rc1 Bc4 50. Ra1 c5+ 51. bxc5+ Nxc5 52. Ra8
Be6 53. Rb8 Kc6 54. e5 Nd7 55. Rc8+ Kb7 0-1

[Event "2. Bundesliga Ost 2012/2013"]
[Site "6.+7.10., 17.+18.11., 1.12., 2.+3.2., 9.+10.3., 6.
[Date "2013.02.03"]
[Round "7"]
[Board "3"]
[White "Kropik, Martin"]
[Black "Schneider-Zinner, Harald"]
[Result "0-1"]
[WhiteElo "2133"]
[BlackElo "2369"]
[PlyCount "80"]
[EventDate "2012.10.06"]
[EventType "team"]
[EventRounds "11"]
[EventCountry "AUT"]
[WhiteTeam "SK Hietzing"]
[BlackTeam "SK Wien-Ottakring"]

1. d4 d5 2. c4 e6 3. Nc3 Nf6 4. cxd5 exd5 5. Bg5 c6 6. Qc2 Be7 7. e3 Nbd7 8.
Bd3 Nh5 9. Bxe7 Qxe7 10. Nge2 Nb6 11. O-O-O g6 12. Kb1 Ng7 13. Ng3 h5 14. h4
Be6 15. Rc1 O-O-O 16. Na4 Kb8 17. Qb3 Nxa4 18. Qxa4 Ne8 19. Rc3 Nd6 20. Ra3 Nc8
21. Ne2 Qf6 22. Nf4 Bf5 23. g3 Bxd3+ 24. Nxd3 Qf5 25. Rc1 f6 26. Ka1 Rh7 27.
Rb3 Nb6 28. Qa5 Re8 29. Qc5 Rc7 30. Ra3 Nc8 31. b4 b6 32. Qc2 Nd6 33. Qa4 Rec8
34. Rac3 Nb5 35. Rb3 Kb7 36. Nf4 g5 37. hxg5 fxg5 38. Nxh5 Qxf2 39. Rd3 Re8 40.
Qb3 Nd6 0-1

[Event "2. Bundesliga Ost 2012/2013"]
[Site "6.+7.10., 17.+18.11., 1.12., 2.+3.2., 9.+10.3., 6.
[Date "2013.02.03"]
[Round "7"]
[Board "4"]
[White "Steiner, Adam"]
[Black "Molnar, Attila"]
[Result "1-0"]
[WhiteElo "2276"]
[BlackElo "2087"]
[PlyCount "91"]
[EventDate "2012.10.06"]
[EventType "team"]
[EventRounds "11"]
[EventCountry "AUT"]
[WhiteTeam "SK Wien-Ottakring"]
[BlackTeam "SK Hietzing"]

1. e4 c5 2. Nf3 b6 3. d4 cxd4 4. Nxd4 Bb7 5. Nc3 a6 6. Be2 e6 7. f4 d6 8. O-O
Nd7 9. Bf3 Qc7 10. Be3 Ngf6 11. Qe1 b5 12. a3 Nc5 13. Bf2 Be7 14. Rd1 O-O 15.
Qe2 Rac8 16. Rd2 Rfe8 17. Rfd1 Ba8 18. Kh1 Ncd7 19. Nb3 Nb6 20. Bxb6 Qxb6 21.
e5 Bxf3 22. Qxf3 Rxc3 23. bxc3 dxe5 24. fxe5 Nd5 25. Ra1 Qc7 26. a4 bxa4 27.
Rxa4 Qxe5 28. Rf2 f5 29. Nd4 Qe1+ 30. Rf1 Qxc3 31. Qxc3 Nxc3 32. Rxa6 e5 33.
Nxf5 Bf6 34. Nh6+ gxh6 35. Raxf6 e4 36. Re1 Kg7 37. Rc6 Nd5 38. Rc5 Nf6 39. Kg1
e3 40. Rc3 e2 41. Rc7+ Kg6 42. h3 Nd5 43. Rc4 Re5 44. Kf2 Ne3 45. Rc6+ Kg5 46.
Rxe2 1-0

[Event "2. Bundesliga Ost 2012/2013"]
[Site "6.+7.10., 17.+18.11., 1.12., 2.+3.2., 9.+10.3., 6.
[Date "2013.02.03"]
[Round "7"]
[Board "5"]
[White "Prager, Michael"]
[Black "Beck, Hartmuth"]
[Result "0-1"]
[WhiteElo "1996"]
[BlackElo "2295"]
[PlyCount "82"]
[EventDate "2012.10.06"]
[EventType "team"]
[EventRounds "11"]
[EventCountry "AUT"]
[WhiteTeam "SK Hietzing"]
[BlackTeam "SK Wien-Ottakring"]

1. e4 d5 2. exd5 Qxd5 3. Nc3 Qd6 4. d4 Nf6 5. Nf3 a6 6. Be2 Bf5 7. Bd3 Bg4 8.
Be2 Nc6 9. Be3 O-O-O 10. Ng5 Be6 11. Nf3 Bf5 12. a3 e5 13. dxe5 Nxe5 14. Qxd6
Bxd6 15. O-O-O Neg4 16. Bd4 c5 17. Bxf6 Nxf6 18. h3 Ne4 19. Nxe4 Bxe4 20. Rhg1
Rhe8 21. Rge1 Bf4+ 22. Kb1 Rxd1+ 23. Bxd1 Kc7 24. b3 b5 25. Rf1 a5 26. Kb2 b4
27. a4 Bc6 28. c4 g6 29. Ne1 Bd2 30. Nf3 Bc3+ 31. Kc1 f6 32. g3 g5 33. h4 h6
34. Kc2 Rd8 35. Be2 g4 36. Ng1 Rd2+ 37. Kc1 Be4 38. f3 gxf3 39. Bxf3 Bd3 40.
Rd1 Rc2+ 41. Kb1 Rb2+ 0-1

[Event "2. Bundesliga Ost 2012/2013"]
[Site "6.+7.10., 17.+18.11., 1.12., 2.+3.2., 9.+10.3., 6.
[Date "2013.02.03"]
[Round "7"]
[Board "6"]
[White "Plank, Franz"]
[Black "Allram, Sebastian"]
[Result "1-0"]
[WhiteElo "2198"]
[BlackElo "1972"]
[PlyCount "115"]
[EventDate "2012.10.06"]
[EventType "team"]
[EventRounds "11"]
[EventCountry "AUT"]
[WhiteTeam "SK Wien-Ottakring"]
[BlackTeam "SK Hietzing"]

1. e4 c6 2. d4 d5 3. Nd2 dxe4 4. Nxe4 Nd7 5. Nf3 Ngf6 6. Ned2 e6 7. Be2 c5 8.
O-O b6 9. dxc5 Bxc5 10. Nb3 O-O 11. Nxc5 Nxc5 12. Be3 Qc7 13. Qd4 Rd8 14. Qe5
Qxe5 15. Nxe5 Ba6 16. c4 Rac8 17. Rfe1 Nfd7 18. Nxd7 Rxd7 19. b3 Bb7 20. Red1
Rcd8 21. Rxd7 Rxd7 22. f3 Kf8 23. b4 Na6 24. a3 Ke7 25. Rc1 Nb8 26. Kf2 Nc6 27.
c5 bxc5 28. Bxc5+ Kd8 29. Ke3 a6 30. Rd1 Rxd1 31. Bxd1 e5 32. Bb3 f6 33. Bd5
Kd7 34. g4 Nd8 35. Bxb7 Nxb7 36. Bf8 g6 37. f4 exf4+ 38. Kxf4 Ke6 39. Ke4 h5
40. gxh5 gxh5 41. a4 f5+ 42. Kf4 Kf6 43. Bc5 Nd8 44. Bd4+ Kg6 45. b5 axb5 46.
axb5 Nb7 47. h4 Nd6 48. b6 Nb7 49. Ke5 Na5 50. Bc5 Nb7 51. Bb4 Nd8 52. Bd2 Nb7
53. Bg5 Na5 54. Ke6 Nb7 55. Bf4 Na5 56. Be5 Nb7 57. Kd7 Kf7 58. Bd6 1-0

[Event "2. Bundesliga Ost 2012/2013"]
[Site "6.+7.10., 17.+18.11., 1.12., 2.+3.2., 9.+10.3., 6.
[Date "2013.02.03"]
[Round "7"]
[Board "1"]
[White "Zilka, Stepan"]
[Black "Varga, Zoltan"]
[Result "1-0"]
[WhiteElo "2529"]
[BlackElo "2455"]
[PlyCount "65"]
[EventDate "2012.10.06"]
[EventType "team"]
[EventRounds "11"]
[EventCountry "AUT"]
[WhiteTeam "Blackburne Nickelsdorf"]
[BlackTeam "ASVOE Lackenbach"]

1. d4 d5 2. c4 c6 3. Nf3 Nf6 4. Nc3 dxc4 5. a4 e6 6. e3 c5 7. Bxc4 Nc6 8. O-O
cxd4 9. exd4 Be7 10. Qe2 O-O 11. Rd1 Nb4 12. Bf4 Nfd5 13. Bg3 Bd7 14. Bb3 Rc8
15. Rac1 Bc6 16. Nb5 Ra8 17. h4 a6 18. Nc3 Rc8 19. h5 Nxc3 20. bxc3 Bd5 21.
Bxd5 Nxd5 22. c4 Nb4 23. h6 g6 24. Qb2 f6 25. Qc3 a5 26. d5 Qd7 27. d6 Bd8 28.
c5 Re8 29. Nd4 Kf8 30. f4 b6 31. c6 Rxc6 32. Nxc6 Qxc6 33. Bf2 {...} 1-0

[Event "2. Bundesliga Ost 2012/2013"]
[Site "6.+7.10., 17.+18.11., 1.12., 2.+3.2., 9.+10.3., 6.
[Date "2013.02.03"]
[Round "7"]
[Board "2"]
[White "Bokros, Albert"]
[Black "Pinter, Erik"]
[Result "1/2-1/2"]
[WhiteElo "2458"]
[BlackElo "2379"]
[PlyCount "110"]
[EventDate "2012.10.06"]
[EventType "team"]
[EventRounds "11"]
[EventCountry "AUT"]
[WhiteTeam "ASVOE Lackenbach"]
[BlackTeam "Blackburne Nickelsdorf"]

1. e4 c5 2. Nf3 Nc6 3. d4 cxd4 4. Nxd4 Nf6 5. Nc3 d6 6. Bg5 Bd7 7. Qd2 Rc8 8.
f4 Nxd4 9. Qxd4 Qa5 10. e5 dxe5 11. fxe5 e6 12. O-O-O Bc6 13. Nb5 Bxb5 14. exf6
Bc6 15. h4 g6 16. Bc4 Bc5 17. Qg4 h5 18. Qe2 O-O 19. Rhf1 Qb4 20. a3 Qb6 21. g4
Ba4 22. Rd2 hxg4 23. Qxg4 Bxa3 24. bxa3 Qc5 25. Bd3 Qxa3+ 26. Kd1 Bxc2+ 27.
Bxc2 Rxc2 28. Kxc2 Rc8+ 29. Kd1 Rc1+ 30. Ke2 Qa6+ 31. Rd3 Rxf1 32. Qd4 Rh1 33.
Qd8+ Kh7 34. Qc7 Kg8 35. Qb8+ Kh7 36. Qc7 Kg8 37. Qd6 Qa2+ 38. Bd2 Qb1 39. Qb8+
Kh7 40. Qf4 Qd1+ 41. Ke3 Rf1 42. Qg3 Rxf6 43. Bc3 Qc1+ 44. Ke4 Rf5 45. Be5 Qc6+
46. Ke3 Qc5+ 47. Bd4 Qc1+ 48. Ke2 Qc2+ 49. Ke3 a5 50. Rc3 Qa2 51. Rc8 Qb3+ 52.
Kd2 Qa2+ 53. Ke3 Qb3+ 54. Kd2 Qa2+ 55. Ke3 Qb3+ 1/2-1/2

[Event "2. Bundesliga Ost 2012/2013"]
[Site "6.+7.10., 17.+18.11., 1.12., 2.+3.2., 9.+10.3., 6.
[Date "2013.02.03"]
[Round "7"]
[Board "3"]
[White "Vlcek, Stanislav"]
[Black "Krpelan, Wolfgang"]
[Result "1-0"]
[WhiteElo "2292"]
[BlackElo "2246"]
[PlyCount "47"]
[EventDate "2012.10.06"]
[EventType "team"]
[EventRounds "11"]
[EventCountry "AUT"]
[WhiteTeam "Blackburne Nickelsdorf"]
[BlackTeam "ASVOE Lackenbach"]

1. e4 e6 2. d3 c5 3. g3 Nc6 4. Bg2 g6 5. Nf3 Bg7 6. O-O Nge7 7. c3 O-O 8. Be3
b6 9. d4 d5 10. e5 Nf5 11. Bg5 f6 12. exf6 Bxf6 13. Bxf6 Qxf6 14. dxc5 bxc5 15.
Qd2 Ba6 16. Re1 Rae8 17. Na3 Nd6 18. Ng5 Ne5 19. f4 Nec4 20. Nxc4 Bxc4 21. b3
h6 22. Nxe6 Rxe6 23. Rxe6 Qxe6 24. bxc4 1-0

[Event "2. Bundesliga Ost 2012/2013"]
[Site "6.+7.10., 17.+18.11., 1.12., 2.+3.2., 9.+10.3., 6.
[Date "2013.02.03"]
[Round "7"]
[Board "4"]
[White "Stranz, Richard"]
[Black "Bachofner, Andreas"]
[Result "1/2-1/2"]
[WhiteElo "2178"]
[BlackElo "2207"]
[PlyCount "74"]
[EventDate "2012.10.06"]
[EventType "team"]
[EventRounds "11"]
[EventCountry "AUT"]
[WhiteTeam "ASVOE Lackenbach"]
[BlackTeam "Blackburne Nickelsdorf"]

1. e4 d5 2. exd5 Qxd5 3. Nc3 Qa5 4. d4 Nf6 5. Nf3 c6 6. Ne5 Be6 7. Nc4 Bxc4 8.
Bxc4 e6 9. O-O Be7 10. Qe2 O-O 11. Ne4 Nxe4 12. Qxe4 Qc7 13. Bd3 g6 14. Bh6 Re8
15. Rad1 Nd7 16. Bc4 Nf6 17. Qf3 Nd5 18. Bb3 Bf8 19. Bxf8 Kxf8 20. c4 Nb6 21.
h4 h5 22. g3 Kg8 23. Rfe1 Rad8 24. Re5 Kg7 25. Ree1 Kg8 26. d5 exd5 27. Rxe8+
Rxe8 28. cxd5 Nxd5 29. Bxd5 cxd5 30. Qxd5 Qb6 31. Rd2 Re1+ 32. Kg2 Qa6 33. Qd8+
Kh7 34. Qd5 Qf1+ 35. Kh2 Qg1+ 36. Kh3 Qf1+ 37. Kh2 Qg1+ 1/2-1/2

[Event "2. Bundesliga Ost 2012/2013"]
[Site "6.+7.10., 17.+18.11., 1.12., 2.+3.2., 9.+10.3., 6.
[Date "2013.02.03"]
[Round "7"]
[Board "5"]
[White "Koffler, Daniel"]
[Black "Galavics, Hermann"]
[Result "1-0"]
[WhiteElo "2201"]
[BlackElo "2062"]
[PlyCount "35"]
[EventDate "2012.10.06"]
[EventType "team"]
[EventRounds "11"]
[EventCountry "AUT"]
[WhiteTeam "Blackburne Nickelsdorf"]
[BlackTeam "ASVOE Lackenbach"]

1. d4 d5 2. Nf3 Nf6 3. c4 c6 4. Qc2 e6 5. g3 Nbd7 6. Bg2 Be7 7. O-O b6 8. b3
Bb7 9. Nc3 O-O 10. e4 dxe4 11. Ng5 h6 12. Ngxe4 Nxe4 13. Qxe4 Nf6 14. Qe3 Qc7
15. Qf3 Qd7 16. Rd1 Rfd8 17. Bf4 a6 18. Na4 1-0

[Event "2. Bundesliga Ost 2012/2013"]
[Site "6.+7.10., 17.+18.11., 1.12., 2.+3.2., 9.+10.3., 6.
[Date "2013.02.03"]
[Round "7"]
[Board "6"]
[White "Reitgruber, Dietmar"]
[Black "Steinert, Martin"]
[Result "0-1"]
[WhiteElo "1945"]
[BlackElo "2094"]
[PlyCount "44"]
[EventDate "2012.10.06"]
[EventType "team"]
[EventRounds "11"]
[EventCountry "AUT"]
[WhiteTeam "ASVOE Lackenbach"]
[BlackTeam "Blackburne Nickelsdorf"]

1. e4 d5 2. exd5 Qxd5 3. Nc3 Qd6 4. Bc4 a6 5. Nf3 Nf6 6. h3 e6 7. d4 b5 8. Bd3
Bb7 9. Bg5 Nbd7 10. Qd2 Qb6 11. O-O-O Qa5 12. Ne5 b4 13. Nc4 bxc3 14. Nxa5
cxd2+ 15. Bxd2 Bxg2 16. Rhg1 Be4 17. Be2 g6 18. f3 Bf5 19. Bc3 Bh6+ 20. Kb1 Nd5
21. Be1 Be3 22. Rh1 O-O 0-1

[Event "2. Bundesliga Ost 2012/2013"]
[Site "6.+7.10., 17.+18.11., 1.12., 2.+3.2., 9.+10.3., 6.
[Date "2013.02.03"]
[Round "7"]
[Board "1"]
[White "Pisk, Petr"]
[Black "Markos, Jan"]
[Result "0-1"]
[WhiteElo "2389"]
[BlackElo "2581"]
[PlyCount "77"]
[EventDate "2012.10.06"]
[EventType "team"]
[EventRounds "11"]
[EventCountry "AUT"]
[WhiteTeam "Zwettl 2"]
[BlackTeam "ASVOE Pamhagen"]

1. e4 c5 2. Nf3 Nc6 3. c3 Nf6 4. e5 Nd5 5. Bc4 Nb6 6. Bb3 d5 7. exd6 c4 8. Bc2
Qxd6 9. d4 cxd3 10. Qxd3 Qxd3 11. Bxd3 e5 12. O-O f6 13. a4 Na5 14. Nbd2 Be6
15. Re1 O-O-O 16. Bf1 a6 17. b4 Nb3 18. Nxb3 Bxb3 19. Be3 Nd5 20. Ba7 Kc7 21.
a5 Ra8 22. Reb1 Bc2 23. Rb2 Bg6 24. Bc4 Rxa7 25. Bxd5 Be7 26. b5 axb5 27. Rxb5
Rd8 28. c4 Be8 29. Rb2 Bc5 30. Rab1 Bc6 31. Bxc6 Kxc6 32. Kf1 Rxa5 33. Rxb7 e4
34. Ng1 Ra2 35. Ne2 Rdd2 36. Nc3 Rxf2+ 37. Ke1 Rac2 38. Nd5 Rxg2 39. Ne7+ 0-1

[Event "2. Bundesliga Ost 2012/2013"]
[Site "6.+7.10., 17.+18.11., 1.12., 2.+3.2., 9.+10.3., 6.
[Date "2013.02.03"]
[Round "7"]
[Board "2"]
[White "Cvek, Robert"]
[Black "Wagner, Stefan"]
[Result "1-0"]
[WhiteElo "2540"]
[BlackElo "2178"]
[PlyCount "94"]
[EventDate "2012.10.06"]
[EventType "team"]
[EventRounds "11"]
[EventCountry "AUT"]
[WhiteTeam "ASVOE Pamhagen"]
[BlackTeam "Zwettl 2"]

1. c4 c5 2. g3 g6 3. Bg2 Bg7 4. Nf3 Nc6 5. Nc3 e5 6. O-O Nge7 7. d3 O-O 8. Ne1
a6 9. Nc2 Rb8 10. Rb1 b5 11. cxb5 axb5 12. b4 cxb4 13. Nxb4 Qa5 14. Bg5 f6 15.
Bd2 Nxb4 16. Nd5 Nec6 17. Nxb4 Qa8 18. Qb3+ Kh8 19. Nxc6 dxc6 20. Bb4 Re8 21.
Qc2 Bb7 22. Rfc1 Rbc8 23. Bc5 Bf8 24. Bxf8 Rxf8 25. a4 bxa4 26. Rb4 Rc7 27.
Rxa4 Qc8 28. Qc5 Kg7 29. h4 Qe6 30. Qb6 Qe7 31. Rac4 Rfc8 32. Qc5 Qxc5 33. Rxc5
Kf7 34. f4 exf4 35. gxf4 Ke7 36. R5c4 Kd6 37. Rd4+ Ke7 38. Rdc4 Kd6 39. Bf3 Ra8
40. Rd4+ Ke7 41. Re4+ Kf7 42. Kf2 Re7 43. Bg2 Rxe4 44. Bxe4 Ke7 45. f5 gxf5 46.
Bxf5 Ra4 47. Kg3 47... h6 {...} 1-0